1. Fußball Bundesliga Stadien - Sudden Death - Statistiken

Allgemein
  • Dieses Quiz wurde 580 mal gespielt
  • Das Durchschnittsergebnis liegt bei 10 aus 18
Answers on the Grid
Answers color-coded by a green-red scale on the quiz's grid according to % correct below.
Allianz Arena
BayArena
BBBank Wildpark
BND-Park
Borussia Park
Deutsche Bank Park
Emirates Stadium
Europa-Park Stadion
Fritz-Walter-Stadion
Max-Morlock-Stadion
Merck-Stadion am Böllenfaltor
Mewa Arena
MHPArena
Millerntor-Stadion
Olympiastadion Berlin
PreZero Arena
Rasenballsport Arena
Red Bull Arena
RheinEnergieStadion
SchücoArena
Signal Iduna Park
Sportpark Ronhof
Stadion An der Alten Försterei
Tivoli
Voith Arena
Volksparkstadion
Volkswagen Arena
Vonovia Ruhrstadion
Weserstadion
WWK Arena
 
Antwortstatistiken
Antwort % Korrekt
Müchen Allianz Arena
71%
Dortmund Signal Iduna Park
65%
Leverkusen BayArena
64%
Dortmund Borussia Park
64%
Hamburg, HSV Volksparkstadion
60%
Frankfurt Deutsche Bank Park
59%
Berlin, Union Stadion An der Alten Försterei
59%
Wolfsburg Volkswagen Arena
59%
Bremen Weserstadion
59%
Hamburg, St.Pauli Millerntor-Stadion
58%
Leipzig Red Bull Arena
57%
Augsburg WWK Arena
56%
Köln RheinEnergieStadion
54%
Freiburg Europa-Park Stadion
53%
Sinsheim, Hoffenheim PreZero Arena
47%
Mainz Mewa Arena
45%
Stuttgart MHPArena
41%
Heidenheim Voith Arena
34%
Keine übereinstimmenden Quizze gefunden
Verteilung der Resultate
Anzahl Personen mit jedem Resultat
Perzentil nach korrekt beantworteten Fragen
Ihre Resultats-Entwicklung
Sie haben dieses Quiz noch nicht gespielt